000 00315nam a2200133Ia 4500
008 150201s2014 xx 000 0 und d
082 _a611
_bH2012A
100 _aANAND , M.K
245 _aHUMAN ANATOMY
250 _a3RD
260 _bJAYPEE BROTHERS MEDICAL PUBLISHERS
650 _aANATOMY
942 _2ddc
_cBK
_017
999 _c4837
_d4837